000 00341 a2200169 4500
001 188161
020 _a85-7302-686-3
040 _cMagnum
100 _aAguiar, Luiz Antonio
240 1 0 _aAlqueluz
_lpor
245 1 0 _aAlqueluz
300 _a238
362 0 _a2005
440 1 _aObjetiva
697 _aLITERATURA JUVENIL
942 _cBK
999 _c188161
_d188161